00499nam a2200157 i 4500001000300000100001900003245014600022260002200168700002100190040000800211041000800219942000700227008004100234999001700275952004900292bg1 aPERLIN, Ju. E. 0aEffekty elektronno -kolebatel'nogo vzaimodejstvija v optičeskich spektrach primesnych paramagnitnych ionov /cJu.E. Perlin, B.S. Cukreblat. aKišinov,c1974.1 aCUKREBLAT, B. S. cBPK apol cKS s pl f |000 0 pol  c26507d26507 00104070aBPKbBPKcwo17913p01715712yKS